[Event "HCL-E1598"]
[Site "www.playchess.de"]
[Date "2006.03.19"]
[Round "20"]
[White "carlosmadeira"]
[Black "Josef"]
[WhiteElo "1617"]
[BlackElo "1609"]
[PlyCount "43"]
[Result "1-0"]

1.e4 e6 2.Nf3 d5 3.e5 c5 4.Bb5+ Nc6 5.Nc3 Bd7 
6.Bxc6 Bxc6 7.d4 Rc8 8.O-O cxd4 9.Nxd4 Bc5 10.Be3 
Ne7 11.Nxe6 fxe6 12.Bxc5 O-O 13.Bxa7 Nf5 14.Bd4 
Qg5 15.f4 Qh4 16.Rf3 Rf7 17.Qd2 Nxd4 18.Qxd4 Rcf8 
19.Raf1 R7f5 20.Nd1 h5 21.Ne3 R5f7 
22.Rh3 1-0

[Event "HCL-C4206"]
[Site "www.playchess.de"]
[Date "2006.03.19"]
[Round "4"]
[White "garden"]
[Black "babar11000"]
[WhiteElo "1119"]
[BlackElo "800"]
[PlyCount "26"]
[Result "1-0"]

1.e4 e6 2.b3 Qf6 3.Nc3 Bc5 4.Nf3 Nc6 5.Bb2 Nd4 
6.Bd3 Nxf3+ 7.Qxf3 Nh6 8.Qxf6 gxf6 9.Nb5 Bb6 10.a4 
a6 11.Nc3 Ng4 12.f4 Bf2+ 13.Ke2 
Bd4 1-0

[Event "HCL-C4206"]
[Site "www.playchess.de"]
[Date "2006.03.19"]
[Round "5"]
[White "babar11000"]
[Black "cccmember"]
[WhiteElo "800"]
[BlackElo "1185"]
[PlyCount "39"]
[Result "0-1"]

1.e3 e5 2.Nh3 Nc6 3.Qf3 Qf6 4.Qxf6 Nxf6 5.Nc3 Bc5 
6.Nb5 Bb6 7.Bc4 a6 8.Nc3 O-O 9.b3 Rd8 10.a4 d5 
11.Be2 d4 12.Na2 Bxh3 13.gxh3 dxe3 14.fxe3 Rd7 
15.Bb2 Rad8 16.O-O-O Ne4 17.Rhf1 R7xd2 18.Bd3 
Rxd1+ 19.Rxd1 Nf2 20.Rf1 0-1

[Event "HCL-C4206"]
[Site "www.playchess.de"]
[Date "2006.03.19"]
[Round "10"]
[White "babar11000"]
[Black "Milosforman"]
[WhiteElo "800"]
[BlackElo "1019"]
[PlyCount "29"]
[Result "0-1"]

1.e3 d5 2.Nf3 c5 3.Bb5+ Bd7 4.Bxd7+ Qxd7 5.Ne5 Qb5 
6.Qg4 Nf6 7.Qf3 e6 8.Nc3 Qa6 9.Qf4 Bd6 10.b3 Nfd7 
11.Qxf7+ Kd8 12.Nxd7 Nxd7 13.Qxe6 d4 14.Nb1 Re8 
15.Qd5 0-1

[Event "HCL-E1585"]
[Site "www.playchess.de"]
[Date "2006.03.19"]
[Round "13"]
[White "Bauarbeiter"]
[Black "takesa"]
[WhiteElo "1825"]
[BlackElo "1628"]
[PlyCount "53"]
[Result "1-0"]

1.d4 {Hi. Nice to meet you. Good luck.}  Nf6 {thx 
- same to you!}  2.c4 e6 3.Nf3 Bb4+ 4.Nc3 d5 
5.Qa4+ Nc6 6.Bg5 O-O 7.e3 Bd7 8.Qb3 a5 9.a3 Be7 
10.Bxf6 Bxf6 11.cxd5 Ne7 12.dxe6 Bxe6 13.Qc2 Qd7 
14.Be2 c6 15.O-O Rfe8 16.Na4 Qc7 17.b4 b5 18.Nc5 
Nd5 19.Nxe6 Rxe6 20.e4 Nf4 21.Bxb5 Qb7 22.Bc4 Ree8 
23.e5 Be7 24.Qe4 Ng6 25.d5 Qc7 26.dxc6 Kh8 
27.Bxf7 1-0

[Event "HCL-A2646"]
[Site "www.playchess.de"]
[Date "2006.03.19"]
[Round "2"]
[White "Wernswig"]
[Black "gordi"]
[WhiteElo "1412"]
[BlackElo "1267"]
[PlyCount "25"]
[Result "1-0"]

1.e4 {hi, good luck to you}  e5 {Hi. enjoy it}  
2.f4 exf4 3.Nf3 Nf6 4.d3 Bc5 5.Bxf4 O-O 6.c3 b6 
7.Be2 Re8 8.Nbd2 Bb7 9.d4 Bf8 10.Bd3 Bxe4 11.Nxe4 
Nxe4 12.O-O Qh4 13.Nxh4 {?}  1-0

[Event "HCL-A2646"]
[Site "www.playchess.de"]
[Date "2006.03.19"]
[Round "7"]
[White "scaper"]
[Black "gordi"]
[WhiteElo "1528"]
[BlackElo "1267"]
[PlyCount "49"]
[Result "1-0"]

1.d4 Nf6 2.c4 d6 3.Nc3 c6 4.e4 Qa5 5.Bd3 e5 6.Nge2 
exd4 7.Nxd4 Be7 8.O-O O-O 9.Re1 Nbd7 10.Nf5 Re8 
11.Bg5 Qe5 12.Qf3 Nc5 13.Bf4 Qe6 14.Rad1 Nxd3 
15.Qxd3 b6 16.Bxd6 Bxd6 17.Nxd6 Rd8 18.e5 Ng4 
19.f4 f6 20.h3 Nh6 21.exf6 Qxf6 22.Nde4 Rxd3 
23.Nxf6+ Kf7 24.Rxd3 Kxf6 25.Ne4+ 1-0

[Event "HCL-C4200"]
[Site "www.playchess.de"]
[Date "2006.03.19"]
[Round "9"]
[White "Kelthek"]
[Black "patzer55"]
[WhiteElo "731"]
[BlackElo "1481"]
[PlyCount "72"]
[Result "0-1"]

1.e4 {Hallo und viel glueck!}  e5 2.Nf3 Nc6 
{Danke, das Glück werde ich brauchen}  3.Nc3 Nf6 
4.d3 d5 5.Bg5 Be7 6.Qe2 d4 7.Nb5 a6 8.Na3 Bxa3 
9.bxa3 h6 10.Bxf6 Qxf6 11.g3 Qd6 12.Bg2 Qxa3 
13.O-O O-O 14.Rfb1 b6 15.Rb3 Qd6 16.c3 Bg4 17.cxd4 
Nxd4 18.Qe3 Nxb3 19.axb3 Bxf3 20.Qxf3 Qd4 21.Rd1 
Qc3 22.Rb1 Rad8 23.Bf1 Qc2 24.Rd1 Qxb3 25.Qe2 a5 
26.Qe1 Rd6 27.Rb1 Qe6 28.Qc1 Rc6 29.Bh3 Rxc1+ 
30.Rxc1 Qxh3 31.Rxc7 Rc8 32.Rc4 Rxc4 33.dxc4 a4 
34.f4 a3 35.Kf2 a2 36.fxe5 a1Q 0-1

[Event "HCL-B3818"]
[Site "www.playchess.de"]
[Date "2006.03.19"]
[Round "9"]
[White "ivusko"]
[Black "Clarion"]
[WhiteElo "1206"]
[BlackElo "1131"]
[PlyCount "119"]
[Result "1-0"]

1.e4 Nc6 2.d4 e5 3.d5 Nb4 4.a3 Na6 5.Bxa6 bxa6 
6.Nf3 d6 7.O-O Nf6 8.Bg5 Be7 9.Nc3 O-O 10.Re1 a5 
11.h3 Rb8 12.Rb1 Bb7 13.Nb5 Ra8 14.Qd2 c6 15.Nc3 
h6 16.Bxf6 Bxf6 17.Red1 c5 18.Ne2 g5 19.Nh2 Be7 
20.Ng4 Kh7 21.c4 h5 22.Ne3 Rg8 23.Nf5 Ba6 24.b3 f6 
25.a4 Bf8 26.Neg3 h4 27.Nf1 Bc8 28.N1e3 Kg6 29.Qe2 
Bxf5 30.Nxf5 Qd7 31.Qd2 Qd8 32.Qe2 Qd7 {(offering 
draw)}  33.Qg4 Qe8 34.Ne3 Qc8 35.Nf5 Qe8 36.Kh2 
Rh8 37.Ne3 Qc8 38.Nf5 Qe8 39.Rdh1 Rb8 40.Kg1 Rb6 
41.Ne3 Qb8 42.Qf5+ Kf7 43.Ng4 Bg7 44.Qd7+ Kg6 
45.Qf5+ Kf7 46.Qe6+ Kg6 47.Kh2 Qe8 48.Qf5+ Kf7 
49.Qf3 Qd7 {(offering draw)}  50.Rhf1 Kg6 51.Qc3 
Rb4 52.Rb2 f5 53.Ne3 f4 54.Nc2 g4 55.Nxb4 cxb4 
56.Qd3 Qf7 57.f3 gxh3 58.gxh3 Kf6 59.Rg2 Rh6 
60.Rfg1 1-0

[Event "HCL-B3938"]
[Site "www.playchess.de"]
[Date "2006.03.19"]
[Round "6"]
[White "chn"]
[Black "organic"]
[WhiteElo "1201"]
[BlackElo "1336"]
[PlyCount "39"]
[Result "1-0"]

1.e4 e5 2.d4 exd4 3.Qxd4 Nc6 4.Qc4 Nf6 5.a3 Be7 
6.Bd3 O-O 7.Bf4 d5 8.exd5 Nxd5 9.Nf3 Nxf4 10.Qxf4 
Bd6 11.Qd2 Re8+ 12.Be2 Bf5 13.Nc3 Qf6 14.O-O-O Bg6 
15.Nd5 Qf5 16.Ne3 Rad8 17.Nxf5 Bxf5 18.Bd3 Bc5 
19.Qc3 Bxd3 20.Qxc5 1-0

[Event "HCL-A2640"]
[Site "www.playchess.de"]
[Date "2006.03.19"]
[Round "11"]
[White "Wernswig"]
[Black "dynamike"]
[WhiteElo "1390"]
[BlackElo "1374"]
[PlyCount "51"]
[Result "1-0"]

1.e4 {hi, goo luck}  c5 {Ebenfalls. Grüße aus 
Stuttgart}  2.f4 e6 3.Bc4 a6 4.Nf3 b5 5.Be2 Bb7 
6.d3 Nc6 7.O-O Qb6 8.Be3 Nf6 9.Qe1 Ng4 10.Bf2 d6 
11.Nbd2 Qc7 12.Ng5 Nf6 13.Bg3 Nd4 14.Rc1 Be7 15.c3 
Nc6 16.d4 h6 17.Nxf7 Kxf7 18.e5 Nd7 19.f5 dxe5 
20.fxe6+ Kxe6 21.Bg4+ Kd6 22.dxe5+ Ndxe5 23.Ne4+ 
Kd5 24.Rd1+ Nd4 25.cxd4 cxd4 26.Nc3+ 1-0

[Event "HCL-A2654"]
[Site "www.playchess.de"]
[Date "2006.03.19"]
[Round "6"]
[White "victorabiodun03"]
[Black "foinaven"]
[WhiteElo "1573"]
[BlackElo "1421"]
[PlyCount "51"]
[Result "1/2-1/2"]

1.f4 Nf6 2.Nf3 g6 3.e3 Bg7 4.d4 O-O 5.Bd3 d6 6.O-O 
Nc6 7.c3 e5 8.Nbd2 Qe7 9.Qc2 exd4 10.exd4 Nd5 
11.Ne4 {you missed a free pawn}  Bf5 12.Re1 Qd7 
13.a3 Rfe8 14.Bd2 a6 15.Re2 b5 16.Rae1 Bg4 17.Qb3 
Bxf3 18.gxf3 Nf6 19.Nxf6+ Bxf6 20.R2xe8+ Rxe8 
21.f5 Rxe1+ 22.Bxe1 Ne7 23.fxg6 Nxg6 24.Bg3 d5 
25.Qc2 Qe7 26.Qe2 {(offering draw)} 
 1/2-1/2

[Event "HCL-E1514"]
[Site "www.playchess.de"]
[Date "2006.03.19"]
[Round "15"]
[White "Bill"]
[Black "Tarrega"]
[WhiteElo "1680"]
[BlackElo "1541"]
[PlyCount "105"]
[Result "1-0"]

1.e4 c5 2.Nf3 e6 3.d4 cxd4 4.Nxd4 Nc6 5.Nc3 Qc7 
6.Be2 a6 7.O-O Nf6 8.Nf3 Be7 9.Be3 b5 10.a3 d6 
11.Ng5 h6 12.Nf3 Bb7 13.Bf4 e5 14.Be3 Na5 15.Bd3 
{I'm from Juneau, AK, where are you from?}  Nc4 
{Virginia}  16.Bxc4 Qxc4 17.Nd2 Qc7 18.f3 Rd8 
19.Qe1 O-O 20.Qf2 Qd7 21.Qg3 Nh5 22.Qg4 Qxg4 
23.fxg4 Nf6 24.h3 d5 25.exd5 Nxd5 26.Nxd5 Bxd5 
27.Rad1 Rdc8 28.c3 a5 29.Nf3 Bb3 30.Rd7 Bc5 
31.Bxc5 Rxc5 32.Re1 f6 33.Re3 Rd5 34.Rxd5 Bxd5 
35.Rd3 Bc4 36.Rd7 Rf7 37.Rd8+ Rf8 38.Rd7 e4 39.Nd4 
Rf7 40.Rd8+ Kh7 41.Kf2 a4 42.Ke3 Bd3 43.Rb8 g6 
44.Rb6 f5 45.gxf5 gxf5 46.Kf4 Rg7 47.g3 Rg6 
48.Rxg6 Kxg6 49.Nxf5 h5 50.Nd6 Bf1 51.h4 e3 
52.Kxe3 Kf6 53.Kd4 1-0

[Event "HCL-E1590"]
[Site "www.playchess.de"]
[Date "2006.03.19"]
[Round "11"]
[White "temple"]
[Black "maus"]
[WhiteElo "1725"]
[BlackElo "1421"]
[PlyCount "37"]
[Result "1-0"]

1.d4 {Hello,gg,gl.}  d5 {Hello!And to you gl.}  
2.c4 dxc4 3.Nc3 e6 4.e3 Nf6 5.Bxc4 Bb4 6.a3 Bd6 
7.Nf3 c6 8.O-O O-O 9.e4 Be7 10.e5 Nd5 11.Bd3 c5 
12.dxc5 Bxc5 13.Bxh7+ Kxh7 14.Ng5+ Kg8 15.Qh5 Re8 
16.Qxf7+ Kh8 17.Qh5+ Kg8 18.Qh7+ Kf8 
19.Qh8+ 1-0

[Event "HCL-A2663"]
[Site "www.playchess.de"]
[Date "2006.03.19"]
[Round "9"]
[White "shadow_cup"]
[Black "PhilipKaveny"]
[WhiteElo "1523"]
[BlackElo "1336"]
[PlyCount "59"]
[Result "1/2-1/2"]

1.e3 g6 2.c4 d6 3.b4 Bg7 4.d4 Nf6 {Here comes the 
steam roller}  5.Bb2 {Time permitted :p}  O-O 
6.Bd3 c5 7.bxc5 dxc5 8.d5 b5 9.Nc3 bxc4 10.Bxc4 
Qa5 11.Nge2 Ne4 12.Qa4 Bxc3+ 13.Nxc3 Qxa4 14.Nxa4 
Na6 15.f3 Nd6 16.Bxa6 Bxa6 17.Nxc5 Bc4 18.e4 Bb5 
19.a4 Be8 20.O-O a5 21.e5 Nc4 {Lovely Gifts all of 
them I am very moved}  22.Bc3 {Glad you liked! 
^_^}  Ne3 23.d6 {Banzai!}  Nxf1 24.dxe7 Ne3 {Becky 
is having dinner with Jans father and Jan and I 
and I have to stop playing because I am getting 
yellled at wish you were  here}  25.exf8Q+ {Wish I 
was there too. Please say hi to everybody there 
and have a great meal. ^_^}  Kxf8 {(offering draw) 
:) I did feel Do not feel obligated to accept my 
offer.}  26.Nb7 {I know its a 'bishop of opposite 
colours' ending coming up but lets play a little 
longer as there is still spice in the air. :)}  
Nd5 {Mais oui}  27.Bxa5 {I should point out that I 
don't understand french ^_^}  Bc6 28.Nd8 Be8 
29.Nb7 {Ok. 'Now' the game is potentially drawn 
:)}  Bc6 30.Nd8 {(offering draw)} 
 1/2-1/2

[Event "HCL-E1525"]
[Site "www.playchess.de"]
[Date "2006.03.19"]
[Round "1"]
[White "BohdanL"]
[Black "Glomp"]
[WhiteElo "1499"]
[BlackElo "1598"]
[PlyCount "65"]
[Result "1-0"]

1.Nf3 {Nice to meet you again, and to play as 
White :-), viel Spaß!}  Nf6 {Yes, it was time to 
change colours. Good luck!}  2.c4 {thanks, how is 
your cold, is it over?}  e6 {It's over and gone, 
thank you.}  3.g3 {it is fine. Will you stay home 
for Christmass holidays?}  c5 {Yes, I'll stay 
online (except for the usual family visits). What 
about you?}  4.Bg2 {I will stay too, even more i 
do not have family here (in Holland) to visit, 
maybe some friends. But for our Christmass we 
still have to wait for about 2 weeks :-)}  Nc6 {So 
you've left your home country?}  5.Nc3 {I found 
interesting job in Netherlands, and more importent 
in field i like}  d5 {For how long have you been 
living in NL?}  6.d4 {5 years, it is already long} 
 dxc4 {We have a famous ucrainian master and 
chessbase author here in Hannover: Alexander 
Bangiev.}  7.Qa4 {unfortunaterly, i do not know 
strong players, especially modern}  cxd4 8.Nxd4 
Qxd4 9.Bxc6+ Bd7 10.Bxd7+ Qxd7 11.Qxc4 Rc8 12.Qb5 
Qxb5 13.Nxb5 Bb4+ 14.Kf1 a6 15.Nd4 O-O 16.Kg2 Rfd8 
17.Nb3 Rc2 18.e3 Ne4 19.Rf1 b6 20.Nd4 Rc4 21.a3 
Be7 22.a4 Rdc8 23.b3 R4c7 24.Bb2 Bf6 25.Rfd1 Bxd4 
26.Bxd4 R7c6 27.b4 R6c2 28.Rdf1 R8c6 29.b5 axb5 
30.axb5 R6c8 31.Bxb6 Rb2 32.Rac1 Rxf2+ 
33.Rxf2 1-0

[Event "HCL-E1533"]
[Site "www.playchess.de"]
[Date "2006.03.19"]
[Round "30"]
[White "BohdanL"]
[Black "pj287"]
[WhiteElo "1466"]
[BlackElo "1722"]
[PlyCount "76"]
[Result "0-1"]

1.c4 {Hi, have a nice game
Happy New Year!!!}  c5 {Same to you from Port 
Jervis, NY. Have a good game.}  2.Nf3 Nf6 3.g3 g6 
4.Bg2 Bg7 5.O-O O-O 6.Nc3 Nc6 7.d4 cxd4 8.Nxd4 
Nxd4 9.Qxd4 d6 10.Qd3 a6 11.b3 Bf5 12.e4 Bxe4 
13.Nxe4 Nxe4 14.Rb1 Nc5 15.Qe2 Rb8 16.Bb2 Bxb2 
17.Rxb2 a5 18.a3 b6 19.b4 axb4 20.axb4 Nd7 21.Re1 
Re8 22.b5 e5 23.Bc6 Re7 24.Qd3 Nc5 25.Qe3 Qc7 
26.Ra2 Nb7 27.Ra7 Qd8 28.Qd2 Na5 29.Rxe7 Qxe7 
30.Bd5 Rc8 31.Qc2 Kg7 32.f4 f6 33.f5 Rc5 34.fxg6 
hxg6 35.g4 Qc7 36.Re4 Rxd5 37.Qe2 Rc5 38.h4 
Rxc4 0-1

[Event "HCL-B3912"]
[Site "www.playchess.de"]
[Date "2006.03.19"]
[Round "9"]
[White "bob19"]
[Black "DominikSpisla"]
[WhiteElo "1480"]
[BlackElo "1500"]
[PlyCount "77"]
[Result "1/2-1/2"]

1.d4 Nf6 2.c4 g6 3.Nf3 Bg7 4.Nc3 d5 5.e3 O-O 6.h3 
e6 7.Be2 b6 8.O-O Bb7 9.Ne5 Nbd7 10.f4 c5 11.Nb5 
Ne4 12.Bf3 Nxe5 13.fxe5 Ng5 14.cxd5 exd5 15.Bg4 h5 
16.Bf3 Nxf3+ 17.Rxf3 Qd7 18.Nd6 f6 19.Nxb7 Qxb7 
20.exf6 Rxf6 21.Rxf6 Bxf6 22.Qd3 Kg7 23.Bd2 cxd4 
24.exd4 Re8 25.Re1 Rxe1+ 26.Bxe1 Qe7 27.Bc3 Qe4 
28.Qxe4 dxe4 29.Kf2 Bg5 30.g3 e3+ 31.Ke2 Kf7 32.d5 
Ke7 33.Bd4 Kd6 34.Bxe3 Bxe3 35.Kxe3 Kxd5 36.Kd3 g5 
37.b3 a6 38.a3 b5 39.b4 {(offering draw)} 
 1/2-1/2

[Event "HCL-B3935"]
[Site "www.playchess.de"]
[Date "2006.03.19"]
[Round "18"]
[White "Azimut"]
[Black "djpnola"]
[WhiteElo "1417"]
[BlackElo "1067"]
[PlyCount "69"]
[Result "1-0"]

1.e3 {Hello friend, please to meet you and good 
luck! From what State are you?}  e5 {Hello, to 
you, too. I am from Louisiana. We have some 
affinity with France.}  2.b3 {Yes, Louisiana have 
affinity with France and it's a great and very 
nice State! Hope things are better for you now.}  
Nc6 {Well, I'm still trying to get over last 
August's "event."}  3.Bb2 {Ok, I send you all my 
friendly wishes ;-)}  Bd6 {Thank you.}  4.d3 Nf6 
5.g3 O-O 6.Bg2 b6 7.Ne2 Ba6 8.Nd2 b5 9.a3 b4 
10.axb4 Bb5 11.c4 Nxb4 12.Bxa8 Nxd3+ {Ack!}  
13.Kf1 Nxb2 14.Qc2 Nxc4 15.Nxc4 Bxc4 16.Qxc4 Qxa8 
17.Kg1 Ne4 18.Nc3 Nd2 19.Qd5 Nf3+ 20.Kg2 e4 
21.Qxa8 Rxa8 22.Nxe4 Ne5 23.Nxd6 cxd6 24.Rhd1 Rb8 
25.Rxa7 f5 26.Rxd6 Rxb3 27.f4 Ng4 28.Rdxd7 Nxe3+ 
29.Kh3 h5 30.Rdxg7+ Kf8 31.Rgb7 Rxb7 32.Rxb7 Nf1 
33.Rh7 Kg8 34.Rxh5 Nxg3 35.Kxg3 1-0

[Event "HCL-M889"]
[Site "www.playchess.de"]
[Date "2006.03.19"]
[Round "4"]
[White "raichu"]
[Black "CaballoVerde"]
[WhiteElo "1656"]
[BlackElo "1781"]
[PlyCount "71"]
[Result "1/2-1/2"]

1.d4 Nf6 2.c4 c5 3.Nf3 cxd4 4.Nxd4 e5 5.Nb3 Nc6 
6.g3 d5 7.cxd5 Bb4+ 8.Nc3 Nxd5 9.Bd2 Nxc3 10.bxc3 
Qd5 11.Rg1 Ba3 12.Bg2 Qc4 13.Qc2 O-O 14.Qe4 Qxe4 
15.Bxe4 Be6 16.Bc1 Be7 17.Bb2 Rfd8 18.Rd1 Rxd1+ 
19.Kxd1 Rd8+ 20.Kc2 f5 21.Bg2 Kf7 22.Rd1 g5 
23.Rxd8 Nxd8 24.a3 h5 25.Na5 e4 26.e3 b6 27.Nb3 
Bxb3+ 28.Kxb3 Nb7 29.Bf1 a6 30.Be2 g4 31.Kc2 a5 
32.Bc4+ Kg6 33.a4 h4 34.Bb5 hxg3 35.hxg3 Nc5 
36.Ba3 {(offering draw)}  1/2-1/2

[Event "HCL-M869"]
[Site "www.playchess.de"]
[Date "2006.03.19"]
[Round "15"]
[White "Cramneck"]
[Black "Roadkill"]
[WhiteElo "1922"]
[BlackElo "1912"]
[PlyCount "39"]
[Result "1-0"]

1.Nf3 {Hi. Good to meet you.}  d5 {Hi gl and happy 
new year}  2.g3 {Thank you. The same to you.}  c6 
3.Bg2 Nf6 4.O-O Bf5 5.d3 h6 6.Nbd2 e6 7.Qe1 Bd6 
8.e4 dxe4 9.dxe4 Bg6 10.e5 Bxc2 11.exf6 {Sorry for 
delay.}  Qxf6 {no problem
}  12.Ne4 Qe7 13.Nxd6+ Qxd6 14.Qc3 Be4 15.Qxg7 Qf8 
16.Qxf8+ Kxf8 17.Re1 Bd5 18.Ne5 Ke7 19.Bd2 f6 
20.Ng6+ 1-0

[Event "HCL-A2665"]
[Site "www.playchess.de"]
[Date "2006.03.19"]
[Round "15"]
[White "PhilipKaveny"]
[Black "shadow_cup"]
[WhiteElo "1354"]
[BlackElo "1523"]
[PlyCount "22"]
[Result "1/2-1/2"]

1.Nf3 b6 2.g3 Bb7 3.Bg2 g5 4.Nxg5 Bxg2 5.e4 Bxh1 
6.Nxf7 {Every Dod gets one bite Arf Arf Arf}  Kxf7 
7.Qh5+ Kg7 {Thats fine. If it exposes a weakness - 
it exposes a weakness! :)}  8.Qg5+ Kf7 9.Qh5+ Kg7 
{Congrats. A very fast draw it seems... :p}  
10.Qg5+ {I can see nothing better for me I If you 
offer I will accept next move. I confess I 
misscalculated thinking I had the queen check a 
move earlier}  Kf7 {Actually why not do it 
perpetually? ^_^ Better than agreeing no?}  
11.Qh5+ {sure}  Kg7 1/2-1/2

[Event "HCL-B3890"]
[Site "www.playchess.de"]
[Date "2006.03.19"]
[Round "7"]
[White "odin"]
[Black "mothball"]
[WhiteElo "1218"]
[BlackElo "1276"]
[PlyCount "54"]
[Result "0-1"]

1.d4 d5 2.Nf3 Nc6 3.e3 Bg4 4.h3 Bxf3 5.Qxf3 Nf6 
6.Bb5 Qd6 7.O-O g6 8.Nc3 Bg7 9.Bd2 O-O 10.a3 e5 
11.Bxc6 e4 12.Qe2 Qxc6 13.Rac1 a6 14.f3 Nh5 15.Qf2 
Qd6 16.fxe4 Ng3 17.Rfe1 dxe4 18.Ne2 Nf5 19.Bb4 Qb6 
20.Bxf8 Rxf8 21.b3 Bh6 22.Ng3 Nxg3 23.Qxg3 f5 
24.Qe5 Qc6 25.c4 f4 26.exf4 Bxf4 27.Qxe4 
Qxe4 0-1

[Event "HCL-C4190"]
[Site "www.playchess.de"]
[Date "2006.03.19"]
[Round "30"]
[White "Veltliner"]
[Black "dc"]
[WhiteElo "1383"]
[BlackElo "852"]
[PlyCount "75"]
[Result "1/2-1/2"]

1.e3 e5 2.Nc3 Nf6 3.Bc4 d5 4.Bb3 Be6 5.d4 e4 6.f3 
Bb4 7.Nge2 Nc6 8.a3 Ba5 9.O-O Qd6 10.Nb5 Qe7 
11.Nf4 a6 12.Nxe6 fxe6 13.Nc3 e5 14.Nxd5 Nxd5 
15.Bxd5 exd4 16.Bxe4 O-O-O 17.Bxc6 bxc6 18.exd4 
Bb6 19.c3 c5 20.d5 c4+ 21.Kh1 g5 22.Qa4 Rxd5 
23.Qxa6+ Kd7 24.Qxc4 Qd6 25.Bxg5 Kc8 26.Qe4 c6 
27.Bf4 Qc5 28.Qe6+ Kb7 29.Be3 Qxe3 30.Qf7+ Bc7 
31.Rae1 Qh6 32.h3 Rf8 33.Qe7 Qf4 34.Qb4+ Kc8 
35.Re8+ Rd8 36.Rxd8+ Kxd8 37.Rd1+ Kc8 38.Qxf4 
{(offering draw)}  1/2-1/2

[Event "HCL-C4190"]
[Site "www.playchess.de"]
[Date "2006.03.19"]
[Round "36"]
[White "aussie"]
[Black "dc"]
[WhiteElo "1064"]
[BlackElo "852"]
[PlyCount "77"]
[Result "1-0"]

1.e4 e5 2.Nf3 Nc6 3.Bc4 Nh6 4.d4 b6 5.Qd3 Qf6 
6.Bg5 Qg6 7.O-O Bd6 8.Bxh6 Qxh6 9.Qe3 exd4 10.Qxh6 
gxh6 11.Bd5 Bb7 12.e5 Nxe5 13.Bxb7 Nxf3+ 14.Bxf3 
Rd8 15.Re1+ Kf8 16.a3 Kg7 17.b4 Rhg8 18.Re4 Kh8 
19.Ra2 Rg5 20.Rxd4 f5 21.Rd5 Rdg8 22.c4 h5 23.h4 
R5g6 24.Rxf5 Re8 25.Re2 Rf8 26.Rxf8+ Bxf8 27.Bxh5 
Rh6 28.g4 a5 29.Re8 Kg7 30.f4 Rc6 31.Nd2 axb4 
32.a4 b5 33.axb5 Rc5 34.Rd8 d6 35.g5 Rf5 36.Rd7+ 
Kh8 37.Ne4 b3 38.Nf6 b2 {(offering draw)}  
39.Rxh7+ 1-0

[Event "HCL-C4126"]
[Site "www.playchess.de"]
[Date "2006.03.19"]
[Round "7"]
[White "JMD"]
[Black "Azimut"]
[WhiteElo "1293"]
[BlackElo "800"]
[PlyCount "76"]
[Result "0-1"]

1.d4 {hello from Paris}  e6 {Bonjour cher ami. Je 
suis débutant et j'espère ne pas trop vous 
décevoir. Mes amitiés.}  2.e4 {amitiés}  g6 3.Nf3 
Bg7 4.e5 Ne7 5.Bg5 b6 6.Nc3 Bb7 7.Bd3 d6 8.Qe2 a6 
9.Be4 d5 10.Bd3 Nd7 11.Qe3 h6 12.Bxe7 Qxe7 
13.O-O-O c5 14.dxc5 bxc5 15.Nb1 h5 16.Nbd2 Bh6 
17.Qe1 c4 18.Be2 Rc8 19.c3 O-O 20.Kb1 d4 21.Nxd4 
Nxe5 22.f3 Bd5 23.h4 Qb7 24.Qg3 Rcb8 25.N2b3 cxb3 
26.a3 Bg7 27.f4 Nc6 28.Nxc6 Qxc6 29.Rhg1 Rbd8 
30.Rdc1 Be4+ 31.Ka1 Rd2 32.Bf3 Bxf3 33.gxf3 Rfd8 
34.Rgf1 Bxc3 35.Rcb1 Bxb2+ 36.Rxb2 R2d1+ 37.Rxd1 
Rxd1+ 38.Rb1 Qc3+ {Merci pour cette partie et 
bonne continuation.}  0-1

[Event "HCL-B3872"]
[Site "www.playchess.de"]
[Date "2006.03.19"]
[Round "9"]
[White "German04"]
[Black "The_Iceman75"]
[WhiteElo "1151"]
[BlackElo "1495"]
[PlyCount "60"]
[Result "0-1"]

1.e4 e6 {Viel Glück aus Hamburg}  2.Nf3 
{gleichfalls aus Boston, wie geht's?}  d5 {Mir 
geht´s bestens, da St. Pauli gestern wieder 
gewonnen hat :-) Und selbst?}  3.e5 {Ich 
ueberlebe!!! Gratuliere, Ich war einmal dort!!! 
Kommst du aus Hamburg? Bist du bereit fuer de WM?} 
 c5 {Moin, jepp, bin ein Hamburger jung, und du?? 
WM kann kommen, ich bin dabei beim 
Achtelfinalspiel in Hannover :-)}  4.d4 {Ich komme 
aus Kolumbien, z.Z bin ich in Boston USA.}  Nc6 
5.c3 Qb6 6.Be3 cxd4 7.cxd4 Qxb2 8.Nbd2 Bb4 9.Be2 
Nge7 10.O-O Nf5 11.Bf4 Ncxd4 12.Rb1 Nxe2+ 13.Qxe2 
Qa3 14.Qb5+ Bd7 15.Qxb4 Qxb4 16.Rxb4 b6 17.g4 Ne7 
18.Nb3 Nc6 19.Ra4 Nxe5 20.Nxe5 Bxa4 21.Rc1 O-O 
22.Nd4 f6 23.Rc7 fxe5 24.Bxe5 Rf7 25.Rc1 g5 26.Bg3 
Bd7 27.h3 Rc8 28.Rb1 Rc4 29.Nb3 Ba4 30.Nd2 
Rc2 0-1

[Event "HCL-A2663"]
[Site "www.playchess.de"]
[Date "2006.03.19"]
[Round "2"]
[White "PhilipKaveny"]
[Black "BohdanL"]
[WhiteElo "1336"]
[BlackElo "1472"]
[PlyCount "52"]
[Result "1/2-1/2"]

1.e4 d6 2.Bc4 Nf6 3.Nc3 g6 4.Nf3 Bg7 5.O-O Bg4 
6.Be2 O-O 7.d4 c6 8.Be3 a5 9.Qd2 b5 10.e5 dxe5 
11.Nxe5 Bxe2 12.Qxe2 b4 13.Na4 Nd5 14.c4 Nxe3 
15.fxe3 Qe8 16.Nc5 Bxe5 17.dxe5 Nd7 18.Nxd7 Qxd7 
19.Rad1 Qe6 20.b3 Qxe5 21.Rd7 Rad8 22.Rfd1 Rxd7 
23.Rxd7 Qc5 24.Qd3 e6 25.Qd4 Qf5 26.Qd2 Qb1+ 
{(offering draw)}  1/2-1/2

[Event "HCL-C4174"]
[Site "www.playchess.de"]
[Date "2006.03.19"]
[Round "8"]
[White "klm"]
[Black "IRONMAIDEN"]
[WhiteElo "1101"]
[BlackElo "1252"]
[PlyCount "55"]
[Result "1/2-1/2"]

1.e4 {hallo und auf ein gutes Spiel!}  e5 {hallo, 
ebenfalls!}  2.Nf3 Nc6 3.Bc4 d6 4.h3 Nf6 5.d3 Be7 
6.Nc3 O-O 7.O-O Nd4 8.a4 Nxf3+ 9.Qxf3 g6 10.Bh6 
Re8 11.Nd5 c6 12.Nxe7+ Qxe7 13.Rfb1 Be6 14.Bxe6 
Qxe6 15.c4 Nh5 16.a5 Re7 17.b4 Ree8 18.Kh2 Re7 
19.Be3 Ng7 20.Rbf1 a6 21.Rfb1 Nh5 22.g4 Ng7 23.Bg5 
Rd7 24.Qf6 Rf8 25.Rbf1 Ne8 26.Qxe6 fxe6 27.f3 Ng7 
28.Bh6 {(offering draw)}  1/2-1/2

[Event "HCL-C4108"]
[Site "www.playchess.de"]
[Date "2006.03.19"]
[Round "11"]
[White "Skipper_Robert"]
[Black "JMD"]
[WhiteElo "982"]
[BlackElo "1323"]
[PlyCount "70"]
[Result "0-1"]

1.e4 e5 {hello again}  2.Nf3 Nf6 3.Nc3 Nc6 4.Bc4 
Bc5 5.h3 h6 6.Bb5 d6 7.Bxc6+ bxc6 8.O-O a5 9.d3 
Be6 10.Bd2 Qb8 11.Bc1 a4 12.a3 O-O 13.Qe2 Nd7 
14.b4 axb3 15.cxb3 Bxb3 16.Nh4 Bd4 17.Nf5 Bxc3 
18.Qg4 g6 19.Nxh6+ Kg7 20.h4 Be6 21.Qd1 Bxa1 
22.Qc2 c5 23.a4 Bd4 24.Bg5 f6 25.Bd2 Rh8 26.Qd1 
Rxh6 27.Bxh6+ Kxh6 28.g4 Kg7 29.g5 Bh3 30.Re1 fxg5 
31.hxg5 Qf8 32.Kh2 Qh8 33.Qb3 Rf8 34.f3 Rxf3 
35.Qb7 Bg4+ 0-1

[Event "HCL-E1519"]
[Site "www.playchess.de"]
[Date "2006.03.19"]
[Round "1"]
[White "Glomp"]
[Black "scylla"]
[WhiteElo "1605"]
[BlackElo "1455"]
[PlyCount "72"]
[Result "0-1"]

1.e4 {Hello again and good luck!}  c5 2.Nf3 d6 
3.d4 cxd4 4.Nxd4 Nf6 5.Nc3 g6 6.Be3 Bg7 7.f3 Nc6 
8.Qd2 Bd7 9.Bc4 Rc8 10.Bb3 Ne5 11.O-O-O O-O 12.h4 
h5 13.Bg5 Nc4 14.Qe2 Ne5 15.f4 Neg4 16.f5 Kh8 
17.Kb1 Qb6 18.Rhf1 Rxc3 19.bxc3 a5 20.Kc1 Qc5 
21.Kb2 a4 22.Bc4 b5 23.Bxb5 Rb8 24.c4 Bxb5 25.cxb5 
Nxe4 26.Qxe4 Rxb5+ 27.Kc1 Qa3+ 28.Kd2 Re5 29.Qa8+ 
Kh7 30.fxg6+ fxg6 31.Qb7 Ne3 32.Ke2 Nxc2+ 33.Kf2 
Nxd4 34.Kg1 Ne2+ 35.Kh2 Qg3+ 36.Kh1 
Rxg5 0-1